Método de corte y confección Brossa / por Da. Margarita Brossa de Batlle
Descripción Física:
235 p. + 1 full desplegable ; 25 cm
Materias:
Tall i confecció -- Ensenyament
MARC
| LEADER | 00000nam a2200000Ia 4500 | ||
|---|---|---|---|
| 001 | 17542 | ||
| 008 | 160829s1935 xx 000 0 cat d | ||
| 080 | |a E-1-249 | ||
| 100 | |a Brossa de Batlle, Margarita |9 28105 | ||
| 245 | |a Método de corte y confección Brossa / por Da. Margarita Brossa de Batlle | ||
| 250 | |a 2a ed. | ||
| 260 | |a Barcelona : |b Imprenta de la Casa Provincial de Caridad, |c 1935 | ||
| 300 | |a 235 p. + 1 full desplegable ; |c 25 cm | ||
| 650 | |a Tall i confecció |x Ensenyament |9 28106 | ||
| 710 | 2 | |a Escola Professional de la Dona |9 52886 | |
| 901 | |a Arxiu | ||
| 942 | |n 1 | ||
| 952 | |0 0 |1 0 |4 0 |6 E1249 |7 1 |9 44673 |a Arxiu |b Arxiu |d 2016-12-01 |l 0 |o E-1-249 |p 17542 |r 2016-12-01 00:00:00 |w 2016-12-01 |y ARXIU | ||
| 999 | |c 47254 |d 47254 | ||